000 01553cam a22002775a 4500
001 L140271
008 070913s2007 xxkabd f 000 0 eng d
020 _a0860176533
035 _a(Sirsi) u140271
041 0 _aeng
050 0 4 _a624.15 $2 18
100 1 _aChapman, T
245 0 0 _aReuse of foundations
260 _aLondon
_bCIRIA
_c2007
300 _aviii, 52p.
_bill.
_c30cm.
350 _a30
490 0 _aCIRIA
_vC653
505 2 _aIntroduction -- Requirements for any foundation -- How can foundations be reused? -- Technical considerations for reuse of old foundations -- Allowing new foundations to be reused in the future -- Questions a developer should ask his team when contemplating foundation reuse -- References -- The RuFUS project -- Case studies -- List of figures -- List of tables -- List of case studies
520 _aAims to draw together experience of reusing foundations across Europe and analyse existing knowledge and the latest research. Aims to provide a sound understanding of the background to foundation reuse and the key issues. It gives advice on how to address risk through sound engineering principles. Presents technical guidance on the processes for deciding on the correct foundation options. It also provides advice on investigation, design and construction using reused foundations.
590 _aKA
651 4 _aEngland and Wales
_y1543-
690 _aBUILT ENVIRONMENT-BUILDING ELEMENTS-COMPLETE BUILDING ELEMENTS-FOUNDATIONS
700 1 _aAnderson, S
700 1 _aWindle, Jan
942 _n0
999 _c107465
_d107465